| 000 | 01119cam a22003135a 4500 | ||
|---|---|---|---|
| 001 | 016279994 | ||
| 003 | EG-ScBUE | ||
| 005 | 20220413112000.0 | ||
| 008 | 130107s2013 enka f b 001 0 eng d | ||
| 020 | _a9781444122435 | ||
| 040 |
_aStDuBDS _beng _erda _cStDuBDS _dUk _dEG-ScBUE |
||
| 082 | 0 | 4 |
_222 _a401.43 _bLOB |
| 100 | 1 |
_aLöbner, Sebastian, _eauthor. |
|
| 245 | 1 | 0 |
_aUnderstanding semantics / _cSebastian Löbner. |
| 250 | _aSecond edition. | ||
| 264 | 1 |
_aLondon ; _aNew York : _bRoutledge, _c2013. |
|
| 300 |
_ax, 379 pages : _billustrations ; _c24 cm. |
||
| 336 |
_2rdacontent _atext _btxt |
||
| 337 |
_2rdamedia _aunmediated _bn |
||
| 338 |
_2rdacarrier _avolume _bnc |
||
| 490 | 0 | _aUnderstanding language series | |
| 500 | _aPrevious edition published under Hodder Education, the second edition is now published under Routledge after Hodder Education Linguistic titles were acquired in 2012. | ||
| 504 | _aIncludes bibliographical references and index. | ||
| 650 | 7 |
_aSemantics. _2BUEsh _937315 |
|
| 651 | _2BUEsh | ||
| 653 |
_cDecember2016 _bGGEN |
||
| 655 |
_vReading book _934232 |
||
| 942 |
_2ddc _cBB |
||
| 999 |
_c23535 _d23507 |
||